000 00758cam a22002653a 4500
001 24623
003 PGUSA
005 20140828083529.0
008 080215s2008||||xxu|||||s|||||000 p eng d
040 _aPGUSA
_beng
042 _adc
050 4 _aPZ
245 1 0 _aMother Goose :
_bThe Original Volland Edition
_h[electronic resource]
260 _bProject Gutenberg,
_c2008
506 _aPublic domain in the USA.
516 _aElectronic text
653 _aPicture books for children
653 _aChildren's poetry
653 _aNursery rhymes
700 1 _aGrover, Eulalie Osgood,
_d1873-
700 1 _aRichardson, Frederick,
_d1862-1937
830 0 _aProject Gutenberg
_v24623
856 4 0 _uhttp://www.gutenberg.org/ebooks/24623
942 _cEB
999 _c253878
_d253878